Communication and colonialism in Eastern India : Bihar, 1760s-1880s /

Bibliographic Details
Main Author: Sinha, Nitin
Corporate Author: ebrary, Inc
Format: eBook
Language:English
Published: New York : Anthem Press, 2012.
Subjects:
Online Access:Connect to the full text of this electronic book

MARC

Tag First Indicator Second Indicator Subfields
LEADER 00000cam a2200000Ia 4500
001 in00002786053
006 m o d
007 cr cn|||||||||
008 120709s2012 nyuab ob 001 0 eng
005 20250816222647.7
010 |z  2012025597 
020 |z 9780857284488 (hardback : alk. paper) 
020 |z 9780857289094 
035 |a (CaPaEBR)ebr10615135 
040 |a CaPaEBR  |c CaPaEBR  |d UtOrBLW 
043 |a a-ii---  |a e-uk--- 
050 1 4 |a HE271.Z7.B55  |b S56 2012eb 
082 0 4 |a 384.0954/12309034  |2 23 
100 1 |a Sinha, Nitin. 
245 1 0 |a Communication and colonialism in Eastern India :  |b Bihar, 1760s-1880s /  |c Nitin Sinha. 
264 1 |a New York :  |b Anthem Press,  |c 2012. 
300 |a 1 online resource (xxxviii, 272 pages) :  |b illustrations, maps. 
336 |a text  |b txt  |2 rdacontent 
337 |a computer  |b c  |2 rdamedia 
338 |a online resource  |b cr  |2 rdacarrier 
500 |a Revision of the author's thesis (doctoral)--School of Oriental and African Studies, London, 2007. 
504 |a Includes bibliographical references and index. 
500 |a Electronic resource. 
650 0 |a Communication and traffic  |z India  |z Bihar  |x History. 
650 0 |a Communication and traffic  |z Great Britain  |x Colonies  |x History. 
651 0 |a Great Britain  |x Colonies  |x Administration  |x History  |y 18th century. 
651 0 |a Great Britain  |x Colonies  |x Administration  |x History  |y 19th century. 
655 7 |a Electronic books.  |2 local 
710 2 |a ebrary, Inc. 
856 4 0 |u https://ebookcentral.proquest.com/lib/tamucs/detail.action?docID=1048954  |y Connect to the full text of this electronic book  |t 0 
980 |a 121102  |b 99  |c USD  |e 148.5  |f YBP_EBR0000045794  |g 1 
999 f f |s 6b38865b-9c7e-371a-ab0b-96dd3b1efcae  |i 14777fcd-e981-3c80-9bae-cdd254885a3f  |t 0 
999 |a MARS 
952 f f |a Texas A&M University  |b College Station  |c Electronic Resources  |d Available Online  |t 0  |e HE271.Z7.B55 S56 2012eb  |h Library of Congress classification 
998 f f |a HE271.Z7.B55 S56 2012eb  |t 0  |l Available Online